| 000 | 00654nmm a2200205Ia 4500 | ||
|---|---|---|---|
| 008 | 251105s9999||||xx |||||||||||||||||und|| | ||
| 020 | _a9788484897101 | ||
| 041 | _aspa | ||
| 100 | _aKron, Stefanie | ||
| 245 | 0 | _aDemocracia y reconfiguraciones contemporáneas del derecho en América Latina | |
| 264 |
_a[Madrid, España] : _bIberoamericana Vervuert, _c2012 |
||
| 300 | _a436 páginas | ||
| 490 | _aBibliotheca Ibero-Americana | ||
| 650 | _aPolitical Science (General) | ||
| 700 | _aKron, Stefanie | ||
| 700 | 1 | _a Costa, Sérgio | |
| 700 | 1 | _a Braig, Marianne (eds.) | |
| 856 | _uhttps://public.digitaliapublishing.com/a/56712 | ||
| 942 | _cCF | ||
| 999 |
_c67558 _d67558 |
||